Best Selling Albums of All Time (female acts) - Statistics

General Stats
  • This quiz has been taken 66 times
  • The average score is 8 of 10
Answer Stats
Album Year Music Act % Correct
…Baby One More Time 1999 Britney Spears
100%
21 2011 Adele
97%
Spice 1996 The Spice Girls
95%
Jagged Little Pill 1995 Alanis Morissette
92%
True Blue 1986 Madonna
85%
Tapestry 1971 Carole King
75%
Come On Over 1997 Shania Twain
65%
Music Box 1993 Mariah Carey
62%
Come Away with Me 2002 Norah Jones
62%
Falling into You 1996 Celine Dion
57%
No matching quizzes found
Score Distribution
Percent of People with Each Score
Percentile by Number Answered
Your Score History
You have not taken this quiz